000 00658nam a22002297a 4500
003 UA-OsUOA
001 51014
007 ta
008 20140716b un ||||| |||| 00| 0 ukr d
090 _a929
942 _cBK
040 _aUA-OsUOA
_bukr
_cUA-OsUOA
_dUA-OsUOA
245 _aПавло Миколайович Першин
300 _a65 с.
955 _a1
041 _aukr
080 _a929
260 _aК.
_bНаукова думка
_c1971
650 7 _a9 Географія. Біографії. Історія
_2UDC
999 _c431154
_d431154